[Event "Madrid San Viator op 24th"]
[Site "Madrid"]
[Date "2015.05.10"]
[Round "6"]
[White "Fernandez Santos, Nicolas"]
[Black "Vega De Las Heras, Carlos"]
[Result "1-0"]
[WhiteElo "1343"]
[BlackElo "1566"]
[PlyCount "50"]
[EventDate "2015.03.22"]
[EventType "swiss"]
[EventRounds "9"]
[EventCountry "ESP"]
[SourceTitle "EXT 2016"]
[Source "ChessBase"]
[SourceDate "2015.10.08"]
[SourceVersion "1"]
[SourceVersionDate "2015.10.08"]
[SourceQuality "1"]

1. e4 c6 2. d4 d5 3. Nc3 dxe4 4. Nxe4 Bf5 5. Ng3 Bg6 6. h4 h6 7. h5 Bh7 8. Nf3 Nd7 9. Bd3 Bxd3 10. Qxd3 e6 11. Bd2 Ngf6 12. Ne4 Nxe4 13. Qxe4 Qb6 14. Rb1 Be7 15. c3 0-0-0 16. Bf4 Nf6 17. Qe2 Nd5 18. Qd2 Nxf4 19. Qxf4 Rhf8 20. Qe4 Bf6 21. Kd1 Rd5 22. Kc2 Rfd8 23. Rhd1 Ra5 24. a3 Rdd5 25. g4 Rdb5 1-0

[Event "Madrid San Viator op 22nd"]
[Site "Madrid"]
[Date "2014.05.18"]
[Round "7"]
[White "Petru, Lucian Olimpiu"]
[Black "Vega De Las Heras, Carlos"]
[Result "1-0"]
[WhiteElo "1805"]
[BlackElo "1560"]
[PlyCount "81"]
[EventDate "2014.03.23"]
[EventType "swiss"]
[EventRounds "9"]
[EventCountry "ESP"]
[SourceTitle "EXT 2015"]
[Source "ChessBase"]
[SourceDate "2014.11.20"]
[SourceVersion "1"]
[SourceVersionDate "2014.11.20"]
[SourceQuality "1"]

1. Nf3 Nf6 2. g3 d5 3. Bg2 c6 4. d3 Bg4 5. h3 Bxf3 6. Bxf3 e6 7. 0-0 Bd6 8. c4 Qc7 9. a3 a5 10. Nc3 Nbd7 11. Bg2 dxc4 12. dxc4 0-0 13. Qc2 Ne5 14. b3 Ng6 15. Bb2 h5 16. Ne4 Nxe4 17. Bxe4 f5 18. Bg2 h4 19. c5 Be5 20. gxh4 Nxh4 21. Rad1 Nxg2 22. Kxg2 Bxb2 23. Qxb2 Rf6 24. Rd6 Rd8 25. Qe5 Rg6+ 26. Kf3 Rxd6 27. cxd6 Qd7 28. Rd1 b6 29. e3 Kf7 30. b4 axb4 31. axb4 Rh6 32. Kg3 Rg6+ 33. Kh2 b5 34. Ra1 Rh6 35. Qd4 c5 36. Qxc5 Kg6 37. Ra7 Qd8 38. Qe5 Rh7 39. Qxe6+ Kg5 40. f4+ Kh5 41. Qxf5+ 1-0